Tilastot visalle Brasilian suurimmat kaupungit

Klikkaa tästä pelataksesi tätä visaa!

Yleistilastot

  • Tätä visaa on pelattu 447 kertaa
  • Keskiarvotulos 8 / 20

Vastaustilastot

VäkilukuKaupunki% Oikein
6 747 820Rio de Janeiro
98%
2 950 600Brasília
93%
12 214 440São Paulo
85%
2 208 330Manaus
56%
2 521 560Belo Horizonte
53%
2 885 910Salvador
46%
1 488 250Porto Alegre
43%
2 686 610Fortaleza
41%
1 653 460Recife
41%
1 486 810Belém
37%
1 948 630Curitiba
37%
890 480Natal
29%
1 047 440São Luís
27%
1 530 290Goiânia
26%
1 192 920Campinas
23%
1 024 680Maceió
20%
893 940Campo Grande
19%
921 480Duque de Caxias
15%
1 392 120Guarulhos
15%
1 090 940São Gonçalo
14%

Tulosjakauma

Persentiili vastausten määrän mukaan

Jokaisen tuloksen saaneiden osuus

Tuloshistoriasi

Et ole pelannut tätä visaa